Bundesliga 2022-2023 Top scorers - Statistics

General Stats
  • This quiz has been taken 63 times
  • The average score is 9 of 10
Answer Stats
Goals Nationality Club Player % Correct
16 France RB Leipzig Christopher Nkunku
98%
14 Germany Bayern Munich Serge Gnabry
98%
16 Germany Werder Bremen Niclas Füllkrug
96%
15 Italy SC Freiburg Vincenzo Grifo
96%
12 Croatia 1899 Hoffenheim Andrej Kramarić
95%
13 France Borussia Mönchengladbach Marcus Thuram
95%
15 France Eintracht Frankfurt Randal Kolo Muani
91%
12 Germany Bayern Munich Jamal Musiala
86%
12 Germany Werder Bremen Marvin Ducksch
77%
12 Germany Borussia Mönchengladbach Jonas Hofmann
72%
No matching quizzes found
Score Distribution
Percent of People with Each Score
Percentile by Number Answered
Your Score History
You have not taken this quiz